Brasses and other Copper-Zinc Alloys (Record no. 548897)
[ view plain ]
| 000 -LEADER | |
|---|---|
| fixed length control field | 00324nam a22001217a 4500 |
| 082 ## - DEWEY DECIMAL CLASSIFICATION NUMBER | |
| Classification number | 669.3 |
| Author Mark | BRA |
| -- | L-17, P-7 |
| 245 ## - TITLE STATEMENT | |
| Title | Brasses and other Copper-Zinc Alloys |
| 250 ## - EDITION STATEMENT | |
| Edition statement | 6th Rev Impression |
| 260 ## - PUBLICATION, DISTRIBUTION, ETC. | |
| Place of publication, distribution, etc. | England |
| Name of publisher, distributor, etc. | CDA |
| Date of publication, distribution, etc. | c1948 |
| 300 ## - PHYSICAL DESCRIPTION | |
| Extent | p53 |
| Other physical details | ill |
| Dimensions | 12cm |
| 526 ## - STUDY PROGRAM INFORMATION NOTE | |
| Program name | 0 |
| Interest level | 0 |
| Reading level | 0 |
| Title point value | 669_300000000000000_BRA |
| 942 ## - ADDED ENTRY ELEMENTS (KOHA) | |
| Source of classification or shelving scheme | |
| Koha item type | Book |
| Withdrawn status | Lost status | Source of classification or shelving scheme | Damaged status | Not for loan | Permanent Location | Current Location | Date acquired | Total Checkouts | Full call number | Barcode | Date last seen | Price effective from | Koha item type |
|---|---|---|---|---|---|---|---|---|---|---|---|---|---|
| Military College of Engineering (MCE) | Military College of Engineering (MCE) | 09/10/2014 | 669.3 BRA | MCE-40987 | 09/10/2014 | 09/10/2014 | Book |
